| 000 | 01032cam a2200313Mi 4500 | ||
|---|---|---|---|
| 001 | 87174 | ||
| 005 | 20230411090045.0 | ||
| 008 | 050214s2004 sp 000 0 spa d | ||
| 035 | _a(OCoLC)ocm57690331 | ||
| 040 |
_aPL# _bspa _cPL# _dOCLCQ _dBNM |
||
| 020 | _a844902384X | ||
| 020 | _a9788449023842 | ||
| 029 | 0 |
_aPL# _b844902384X |
|
| 035 | _a(OCoLC)57690331 | ||
| 049 | _aGRAL | ||
| 245 | 0 | 0 |
_aCritica a economia ortodoxa / _cSeminario de Economia Critica TAIFA ; Miren Etxezarreta (coord.) ; Philip Arestis ... [et al.]. |
| 260 |
_aBellaterra, Barcelona : _bUniversitat Autonoma de Barcelona, _c2004. |
||
| 300 |
_a729 p. ; _c23 cm. |
||
| 440 | 0 |
_aManuals de la Universitat Autonoma de Barcelona ; _v40 |
|
| 653 | _aEconomia. | ||
| 650 | 7 |
_aEscuela neoclasica de economia. _2embne |
|
| 650 | 7 |
_aKeynesianismo. _2embne |
|
| 700 | 1 |
_aEtxezarreta, Miren, _ecoord. |
|
| 700 | 1 |
_aArestis, Philip, _eaut. |
|
| 938 |
_aPuvill Libros _bPUVL _n844902384X _c$91.20 |
||
| 942 |
_2lcc _cbk |
||
| 994 |
_aC0 _bDRFGD |
||
| 946 | _aMF | ||
| 999 |
_c111720 _d111720 |
||